[Event "New White Plus GM open"]
[Site "Dhaka BAN"]
[Date "2002.03.31"]
[Round "2"]
[White "Hossain,S"]
[Black "Hamid,R"]
[Result "1/2-1/2"]
[WhiteElo "2139"]
[BlackElo "2116"]

1.e4 c5 2.Nf3 Nc6 3.Nc3 e6 4.Bb5 d6 5.d4 cxd4 6.Qxd4 Bd7 7.Bxc6 Bxc6 8.Bg5 Nf6
9.O-O Be7 10.e5 dxe5 11.Qxd8+ Rxd8 12.Nxe5 O-O 13.Nxc6 bxc6 14.Ne4 Rd5 15.Nxf6+ Bxf6
16.Bxf6 gxf6 17.Rfe1 Rfd8 18.Kf1 Kg7 19.Re3 Kg6 20.Rg3+ Rg5 21.Ke2 Rd5 22.Rd1 Rc5
23.c3 h5 24.Rd4 e5 25.Rxg5+ fxg5 26.Rd6+ Kf5 27.Rd7 Ra5 28.Rxf7+ Ke6 29.Rc7 Rxa2
30.Rxc6+ Kd5 31.Rg6 Rxb2+ 32.Kf3 Rc2 33.Rxg5 Rxc3+ 34.Ke2 Rc4 35.Rxh5 Rf4
36.Rh8 a5 37.Rd8+ Kc4 38.Re8 Kd5 39.g3 a4 40.Ke3 Rg4 41.Rd8+ Kc4  1/2-1/2

[Event "Economic Faculty"]
[Site "Subotica YUG"]
[Date "2002.03.31"]
[Round "6"]
[White "Jotic,V"]
[Black "Ermenkov,E"]
[Result "0-1"]
[WhiteElo "2277"]
[BlackElo "2460"]

1.e4 c5 2.Nc3 Nc6 3.Bb5 Nd4 4.Bc4 e6 5.Nge2 Nf6 6.O-O a6 7.d3 b5 8.Bb3 Nxb3
9.axb3 Bb7 10.f4 d5 11.e5 d4 12.exf6 dxc3 13.fxg7 Bxg7 14.bxc3 Qd7 15.f5 Qc6
16.Nf4 Bxc3 17.fxe6 O-O-O 18.exf7 Bxa1 19.Qg4+ Qd7 20.Ne6 Bd4+ 21.Kh1 Bd5
22.Re1 Rhf8 23.c4 Bxe6 24.Rxe6 Rxf7  0-1

[Event "XI ch-MKD"]
[Site "Gevgelija MKD"]
[Date "2002.04.01"]
[Round "1"]
[White "Mitkov,N"]
[Black "Vasovski,N"]
[Result "1-0"]
[WhiteElo "2492"]
[BlackElo "2309"]

1.e4 c5 2.Nc3 Nc6 3.Nf3 Nf6 4.Bb5 Qb6 5.a4 a6 6.Bc4 d6 7.h3 e6 8.O-O Nxe4
9.Nxe4 d5 10.Bd3 dxe4 11.Bxe4 Be7 12.b3 Bf6 13.Rb1 O-O 14.Ba3 Rd8 15.Qe2 Bd7
16.Qe3 Nd4 17.c3 Nxf3+ 18.Bxf3 Rac8 19.b4 Rc7 20.bxc5 Qa7 21.Qf4 e5 22.Qb4 Bf5
23.Rb2 a5 24.Qb6 Qxb6 25.cxb6 Rcd7 26.Re1 Bd3 27.Bc5 Rc8 28.Bg4 Rxc5 29.Bxd7 h5
30.Bb5 Bf5 31.Be2 Bd7 32.Bf3 Bc6 33.Bxc6 Rxc6 34.Rb5 g6 35.Re4  1-0

[Event "FSGMB April"]
[Site "Budapest HUN"]
[Date "2002.04.02"]
[Round "1"]
[White "Radziewicz,I"]
[Black "Nyback,T"]
[Result "0-1"]
[WhiteElo "2375"]
[BlackElo "2420"]

1.e4 c5 2.Nc3 Nc6 3.Bb5 e6 4.Nf3 Nd4 5.Nxd4 cxd4 6.Ne2 Qg5 7.Bc4 Qxg2 8.Ng3 Qh3
9.Qf3 Ne7 10.c3 Nc6 11.Qf4 Be7 12.Bb5 Bf6 13.Bf1 Qh4 14.Qxh4 Bxh4 15.Bb5 d5
16.cxd4 Bd7 17.Bxc6 Bxc6 18.e5 Bb5 19.a4 Bd3 20.Ra3 Bg6 21.Rc3 Kd7 22.b4 Rac8
23.Ba3 Be7 24.a5 Rc4 25.Ke2 b6 26.a6 Rhc8 27.Rhc1 b5 28.Ke3 R8c6 29.Rxc4 dxc4
30.Rc3 Rxa6 31.f4 Kc6 32.Ne4 Bxe4 33.Kxe4 Ra4 34.d3 Bxb4 35.Bxb4 Rxb4 36.f5 Rb3
37.Rc1 Rxd3 38.fxe6 fxe6 39.Ra1 Kb6 40.Rg1 g6 41.Rf1 b4 42.Rf6 b3 43.d5 b2
44.dxe6 b1=Q 45.e7+ Ka5  0-1

[Event "XI ch-MKD"]
[Site "Gevgelija MKD"]
[Date "2002.04.03"]
[Round "3"]
[White "Mitkov,N"]
[Black "Stanojoski,Z"]
[Result "1-0"]
[WhiteElo "2492"]
[BlackElo "2455"]

1.e4 c5 2.Nc3 Nc6 3.Bb5 g6 4.Bxc6 dxc6 5.d3 Bd7 6.Be3 b6 7.Qd2 e5 8.Nge2 Nf6
9.Bh6 Bxh6 10.Qxh6 Ng4 11.Qd2 Qh4 12.Ng3 Qh6 13.Qxh6 Nxh6 14.a4 a5 15.O-O Be6
16.b3 g5 17.Nd1 f6 18.Ne3 O-O-O 19.f3 Ng8 20.Ngf5 Bxf5 21.Nxf5 Kd7 22.h4 Ne7
23.Nh6 Ke6 24.hxg5 fxg5 25.Kf2 Ng8 26.Rh1 Nf6 27.Rh3 Rd7 28.Rah1 b5 29.Ke2 bxa4
30.bxa4 Rd4 31.Ng4 Nxg4 32.fxg4 Rxa4 33.Rh6+ Kd7 34.Rxh7+ Rxh7 35.Rxh7+ Kd6
36.Rh6+ Kd7 37.Rg6 c4 38.Rxg5 cxd3+ 39.cxd3 Ra2+ 40.Kf3 Kd6 41.Rg6+ Kc5 42.Re6 a4
43.Rxe5+ Kb6 44.Re8 Kb7 45.g5 Rd2 46.g6 Rxd3+ 47.Kf4 Rd7 48.Rh8 a3 49.Rh3  1-0

[Event "ch-MGL"]
[Site "Ulaanbaatar MGL"]
[Date "2002.04.03"]
[Round "4"]
[White "Hatanbaatar,B"]
[Black "Adyatomor,C"]
[Result "1/2-1/2"]
[WhiteElo "2453"]
[BlackElo "2060"]

1.e4 c5 2.Nc3 Nc6 3.Nge2 g6 4.d4 cxd4 5.Nxd4 Bg7 6.Be3 d6 7.Bc4 Nf6 8.h3 O-O
9.Bb3 Bd7 10.O-O a6 11.Re1 Na5 12.Bg5 Rc8 13.Nd5 e6 14.Nxf6+ Bxf6 15.Bh6 Re8
16.c3 Nxb3 17.axb3 Bc6 18.Nxc6 Rxc6 19.Qd2 Bg7 20.Bf4 Be5 21.b4 Bxf4 22.Qxf4 Kg7
23.Rad1 Qf6 24.Qg3 Rd8 25.Rd3 h6 26.Red1 Qg5 27.Qf3 a5 28.bxa5 Qxa5 29.Qe3 b5
30.e5 d5 31.Qf4 Rd7 32.Qf6+ Kg8 33.Qh4 Kh7 34.Rd4 Rc4 35.Kh2 Qd8 36.Qg3 Qg5
37.f4 Qxg3+ 38.Kxg3 Ra7 39.Kf3 Ra2 40.Rxc4 bxc4 41.Rd2 Kg7 42.g4 Ra1 43.h4 Rh1
44.Kg3 Re1 45.Kf2 Rh1 46.Kg3 Kf8 47.Re2 Rf1 48.h5 gxh5 49.gxh5 Ke7 50.Kg4 Rb1
51.Rg2 Kd7 52.Kf3 Rh1 53.Kg4 Ke7 54.b3 Rc1 55.bxc4 dxc4 56.Rg3 Kd7 57.f5 Kc6
58.fxe6 fxe6 59.Kf4 Kd5 60.Rg6 Rf1+ 61.Ke3 Kxe5 62.Rxh6 Rd1 63.Rh8 Rd3+ 64.Ke2 Rxc3
65.h6 Rh3 66.h7 Ke4 67.Kd2 e5 68.Kc2 c3 69.Kb3 Ke3 70.Kxc3 e4 71.Kc2 Rh6
72.Kd1 Rh2 73.Kc1  1/2-1/2

[Event "ch-VIE"]
[Site "Vung Tau VIE"]
[Date "2002.04.03"]
[Round "10"]
[White "Le Dinh Tuan"]
[Black "Bui Vinh"]
[Result "1/2-1/2"]
[WhiteElo "2304"]
[BlackElo "2420"]

1.e4 c5 2.Ne2 Nc6 3.Nbc3 Nf6 4.g3 e6 5.Bg2 Be7 6.d4 cxd4 7.Nxd4 a6 8.O-O Qc7
9.Re1 d6 10.Nxc6 bxc6 11.e5 dxe5 12.Rxe5 O-O 13.Re1 Bb7 14.Bf4 Qb6 15.Na4 Qa5
16.c4 Rad8 17.Qc2 Ba8 18.b3 c5 19.Bxa8 Rxa8 20.Rad1 Rad8 21.Rxd8 Rxd8 22.Rd1 h6
23.Rxd8+ Qxd8 24.Qe2 Qc8 25.Qf3 Nd7 26.Qe4 Bf8 27.Kg2 Be7  1/2-1/2

[Event "TCh-CZE 2001-2"]
[Site "CZE"]
[Date "2002.04.06"]
[Round "10"]
[White "Walek,M"]
[Black "Choleva,Z"]
[Result "1-0"]
[WhiteElo "2296"]
[BlackElo "2277"]

1.e4 c5 2.Nf3 Nc6 3.Nc3 d6 4.d4 cxd4 5.Nxd4 e5 6.Nde2 Nf6 7.g3 Be7 8.Bg2 h5
9.h3 Be6 10.Be3 Qd7 11.Qd2 h4 12.g4 Nh7 13.f4 exf4 14.Bxf4 Ne5 15.b3 Nf8
16.Nd5 Nfg6 17.Nxe7 Nxf4 18.Qxf4 Qxe7 19.O-O Rc8 20.c4 g5 21.Qe3 b6 22.Nd4 Ng6
23.Ne2 O-O 24.Rad1 Rfd8 25.Nd4 Rc5 26.Rd2 Nf4 27.Nf3 f6 28.Nxh4 Bc8 29.Rxf4 gxf4
30.Qxf4 Rg5 31.Rf2 Rf8 32.Nf5 Bxf5 33.exf5 Qe5 34.Qxe5 dxe5 35.Rd2 Rg7 36.Rd6 Rc7
37.a4 Kg7 38.Kf2 Rff7 39.Bc6 Kf8 40.Kf3 Rc8 41.Bd5  1-0

[Event "III Open"]
[Site "Dos Hermanas ESP"]
[Date "2002.04.07"]
[Round "3"]
[White "Hernandez,Gi"]
[Black "Cheparinov,I"]
[Result "1/2-1/2"]
[WhiteElo "2547"]
[BlackElo "2450"]

1.e4 c5 2.Nf3 Nc6 3.Nc3 e5 4.Bc4 d6 5.d3 Be7 6.Nd2 Bg5 7.h4 Bxd2+ 8.Bxd2 Nf6
9.Bg5 Be6 10.Nd5 Bxd5 11.Bxd5 h6 12.Bxf6 Qxf6 13.c3 O-O 14.Qe2 Ne7 15.Bxb7 Rab8
16.Bd5 Nxd5 17.exd5 Qf4 18.b3 e4 19.dxe4 Rbe8 20.g3 Qe5 21.O-O f5 22.c4 f4
23.f3 fxg3 24.Kg2 Qh5 25.Rh1 Rf4 26.Raf1 Rexe4 27.Qxe4 Rxe4 28.fxe4 Qe2+
29.Kxg3 Qxe4 30.h5 Qe5+ 31.Rf4 Qe3+ 32.Kg4 Qe2+ 33.Kf5 Kf7 34.Rh3 Qg2 35.Rff3 Qxa2
36.Kg4+ Kg8 37.Kf5 Kf7 38.Kg4+ Kg8  1/2-1/2

[Event "XI ch-MKD"]
[Site "Gevgelija MKD"]
[Date "2002.04.07"]
[Round "7"]
[White "Stojanovski,D"]
[Black "Ilic,Z3"]
[Result "1-0"]
[WhiteElo "2416"]
[BlackElo "2364"]

1.e4 c5 2.Nf3 Nc6 3.Nc3 e5 4.Bc4 Be7 5.d3 d6 6.Nd2 Nf6 7.Nf1 Bg4 8.f3 Be6
9.Ne3 O-O 10.O-O Nd7 11.Ned5 Nb6 12.Be3 Rc8 13.Qd2 Nd4 14.a4 Kh8 15.Nxb6 Qxb6
16.Nd5 Qd8 17.c3 Nc6 18.b4 b6 19.Ba6 Rb8 20.Bb5 Bd7 21.f4 exf4 22.Bxf4 cxb4
23.cxb4 Nd4 24.Bxd7 Qxd7 25.Qb2 Ne6 26.Bd2 Bg5 27.Bxg5 Nxg5 28.Rf5 Ne6 29.Qf2 Rb7
30.Rf1 Qd8 31.Rh5 g6 32.Nf6 gxh5 33.Qf5 Ng5 34.Qxg5 Rg8 35.Qh6 Rg7 36.Rf3 Re7
37.Rg3 Qf8 38.Nxh7  1-0

[Event "III Open"]
[Site "Dos Hermanas ESP"]
[Date "2002.04.09"]
[Round "5"]
[White "Fernandez Romero,Ern"]
[Black "Cheparinov,I"]
[Result "1/2-1/2"]
[WhiteElo "2347"]
[BlackElo "2450"]

1.e4 c5 2.Nc3 Nc6 3.Nf3 g6 4.Bb5 Nd4 5.Bc4 Bg7 6.Nxd4 cxd4 7.Qf3 Nf6 8.Ne2 O-O
9.d3 d5 10.exd5 Bg4 11.Qg3 Bxe2 12.Kxe2 Nxd5 13.h4 h5 14.Qg5 Nb6 15.Bb3 e6
16.g4 Bf6 17.Qf4 Nd5 18.Qf3 hxg4 19.Qxg4 Kg7 20.Bg5 Qd6 21.Rag1 Bxg5 22.Bxd5 Bh6
23.Bb3 Kh8 24.Qf3 Qe5+ 25.Qe4 Qf6 26.Rh3 a5 27.a4 Qf4 28.h5 g5 29.Qxf4 gxf4
30.Rh2 Rac8 31.Bc4 Rc5 32.b4 Re5+ 33.Kf3 b6 34.bxa5 Rxa5 35.Rb1 Rb8 36.Bb5 Rc8
37.Rb4 Rd8 38.Rc4  1/2-1/2

[Event "FSIMA April"]
[Site "Budapest HUN"]
[Date "2002.04.10"]
[Round "9"]
[White "Balogh,V"]
[Black "Hardicsay,P"]
[Result "1/2-1/2"]
[WhiteElo "2236"]
[BlackElo "2312"]

1.e4 c5 2.Nf3 Nc6 3.Nc3 Nf6 4.Bc4 e6 5.d4 cxd4 6.Nxd4 d6 7.Be3 Be7 8.Bb3 O-O
9.Qe2 a6 10.O-O-O Qc7 11.g4 Nd7 12.g5 Nc5 13.h4 Bd7 14.Kb1 Nxb3 15.axb3 b5
16.f4 b4 17.Na4 Rfb8 18.Qc4 Qb7 19.h5 Na5 20.Qd3 Bb5 21.Qd2 Qxe4 22.Rhe1 Bxa4
23.bxa4 Nc4 24.Qd3 Qxd3 25.Rxd3 Rc8 26.Bc1 Bf8 27.g6 Re8 28.b3 Nb6  1/2-1/2

[Event "III Open"]
[Site "Dos Hermanas ESP"]
[Date "2002.04.11"]
[Round "7"]
[White "Fernandez Romero,Ern"]
[Black "Paramos Dominguez,R"]
[Result "0-1"]
[WhiteElo "2347"]
[BlackElo "2381"]

1.e4 c5 2.Nc3 Nc6 3.Nge2 Nd4 4.Nxd4 cxd4 5.Ne2 Nf6 6.e5 Ng4 7.f4 d6 8.h3 Nh6
9.Nxd4 dxe5 10.Bb5+ Bd7 11.fxe5 Bxb5 12.Nxb5 e6 13.Qf3 Bc5 14.c3 a6 15.d4 axb5
16.dxc5 Nf5 17.O-O Qc7 18.Be3 O-O 19.Bf2 Qxe5 20.Qxb7 Qe2 21.b4 h5 22.Qf3 Qc4
23.a3 h4 24.Rfe1 Rfd8 25.Rad1 Qb3 26.Rxd8+ Rxd8 27.c6 Qc4 28.Bc5 Rc8 29.Rd1 Ng3
30.Kh2 e5 31.Qg4 Qxg4 32.hxg4 Rxc6 33.c4 bxc4 34.Be3 c3 35.b5 c2 36.Rc1 Rc3
37.Bd2 Rxa3 38.Rxc2 Rb3 39.Bg5 Rxb5 40.Bxh4 Nf1+ 41.Kh3 Rb3+ 42.g3 f6 43.Rf2 Ne3
44.g5 f5 45.Ra2 Kh7 46.Ra6 Rb2  0-1

[Event "Classics IMA"]
[Site "Gausdal NOR"]
[Date "2002.04.11"]
[Round "1"]
[White "Johansson,Th"]
[Black "Byklum,B"]
[Result "0-1"]
[WhiteElo "2241"]
[BlackElo "2168"]

1.e4 c5 2.Nc3 Nc6 3.Bb5 Nd4 4.Ba4 Qa5 5.Nf3 a6 6.a3 b5 7.b4 Qd8 8.Bb3 Nxb3
9.cxb3 cxb4 10.axb4 Bb7 11.Bb2 e6 12.Qe2 Nf6 13.O-O Be7 14.e5 Nd5 15.Ne4 O-O
16.Nc5 Bxc5 17.bxc5 Qe7 18.Rfc1 Rfc8 19.Bd4 Nb4 20.Qe3 Bd5 21.Bb2 h6 22.Rc3 Bc6
23.Qd4 Nd5 24.Rc2 a5 25.d3 Nb4 26.Rcc1 Bd5 27.Rc3 Nc6 28.Qe3 b4 29.Rcc1 Bxb3
30.Nd4 Nxd4 31.Qxd4 Bd5 32.f3 Rcb8 33.Rcb1 Rb5 34.Qe3 Rxc5 35.Bd4 Rb5 36.Qc1 Qd8
37.Bc5 Qb8 38.d4 a4 39.Qc2 Bb3 40.Qd3 Qb7 41.Kf2 Rc8 42.Kg3 g6 43.h4 Qb8
44.h5 Rbxc5 45.hxg6 Rc3 46.gxf7+ Kg7 47.Qe4 Rh8 48.Rh1 Qd8 49.Rh5 Bc2 50.Qg4+ Kxf7
51.Qf4+ Bf5 52.Rah1 Qg8+ 53.Kf2 Rc2+ 54.Ke3 Qxg2  0-1

[Event "XI ch-MKD"]
[Site "Gevgelija MKD"]
[Date "2002.04.11"]
[Round "10"]
[White "Stojanovski,D"]
[Black "Nedev,T"]
[Result "1/2-1/2"]
[WhiteElo "2416"]
[BlackElo "2487"]

1.e4 c5 2.Nf3 Nc6 3.Nc3 Nf6 4.d4 cxd4 5.Nxd4 e5 6.Ndb5 d6 7.Bg5 a6 8.Na3 b5
9.Bxf6 gxf6 10.Nd5 Bg7 11.c3 f5 12.exf5 Bxf5 13.Nc2 Be6 14.g3 O-O 15.Bg2 a5
16.O-O f5 17.Qe2 Rb8 18.Rfd1 Kh8 19.Na3 Na7 20.Rd2 b4 21.Nc4 bxc3 22.bxc3 a4
23.Rad1 Nb5 24.Qe3 e4 25.Ncb6 Nxc3 26.Nxc3 Rxb6 27.Nxa4 Rc6 28.Nc5 Bc8 29.Nb3 Qf6
30.Rd5 Qg6  1/2-1/2

[Event "10th Hotel Opatija GM"]
[Site "Kastav CRO"]
[Date "2002.04.11"]
[Round "2"]
[White "Rogulj,B"]
[Black "Fercec,N"]
[Result "1-0"]
[WhiteElo "2452"]
[BlackElo "2438"]

1.e4 c5 2.Nc3 Nc6 3.Bb5 d6 4.Nge2 Nf6 5.Bxc6+ bxc6 6.O-O e5 7.d3 Be7 8.h3 O-O
9.Ng3 Ne8 10.Kh1 Nc7 11.Nce2 Ne6 12.b3 Nd4 13.Nxd4 cxd4 14.f4 Bh4 15.Qf3 Bxg3
16.Qxg3 f6 17.Bd2 a5 18.a4 c5 19.Rf3 Bb7 20.fxe5 fxe5 21.Kh2 Qd7 22.Raf1 Rxf3
23.gxf3 Qc7 24.h4 Rf8 25.h5 Kh8 26.h6 g6 27.Qh4 Kg8 28.Kg1 Bc6 29.f4 exf4
30.Rxf4 Rxf4 31.Bxf4 Kf7 32.Bg3 Qe7 33.Qf4+ Ke6 34.Bh4 Qe8 35.Qf6+ Kd7 36.Qg7+ Kc8
37.Qxh7 Qe6 38.Qh8+ Kb7 39.Qf6 Qg4+ 40.Kh2 Qh5 41.Qe7+ Ka6 42.Kg3 Qxh6 43.Qxd6 Qe3+
44.Kg2 Qe2+ 45.Bf2 Qg4+ 46.Kh2 Qh5+ 47.Kg3 Qg5+ 48.Kf3 Qh5+ 49.Kf4 Qh6+ 50.Ke5 Kb7
51.Qe7+ Kb6 52.Qd8+ Ka7 53.Bh4 Qd2 54.Kd6 Qh2+ 55.e5 Bh1 56.Qc7+ Ka8 57.Qxa5+ Kb7
58.Qb5+ Ka8 59.Qa6+ Kb8 60.Bd8 Qh7 61.Qb6+ Kc8 62.Bc7  1-0

[Event "Golden Cleopatra"]
[Site "Cairo EGY"]
[Date "2002.04.12"]
[Round "6"]
[White "Frhat,A"]
[Black "Holmsten,A"]
[Result "1/2-1/2"]
[WhiteElo "2322"]
[BlackElo "2420"]

1.e4 c5 2.Nf3 Nc6 3.Nc3 d6 4.d4 cxd4 5.Nxd4 Nf6 6.Bg5 e6 7.Qd2 a6 8.O-O-O h6
9.Bf4 Bd7 10.Nxc6 Bxc6 11.f3 d5 12.Qe1 Bb4 13.a3 Ba5 14.Bd2 O-O 15.Kb1 dxe4
16.Nxe4 Bxd2 17.Rxd2 Qe7 18.Nxf6+ Qxf6 19.Qe3 b5 20.Bd3 a5 21.Be4 Bxe4 22.Qxe4 b4
23.a4 Rac8 24.Rhd1 Qg5 25.f4 Qc5 26.g3 g6 27.h4 h5 28.Rd7 Qf2 29.Qd3 Rc5
30.Rd2 Qg1+ 31.Rd1 Qg2 32.Rd2 Qc6 33.Qd6 Qxd6 34.R7xd6 Kg7 35.Rd8 Rxd8 36.Rxd8 Kf6
37.Rb8 Rd5 38.Rb7 Kf5 39.Rxf7+ Kg4 40.Rf6 Kxg3 41.Rxe6 Kxh4 42.Rxg6 Rf5 43.c4 bxc3
44.bxc3 Rxf4 45.Kb2 Rg4 46.Rh6 Rxa4 47.Kb3 Rg4 48.c4 Rg3+ 49.Ka4 Rg5 50.Ra6 Rc5
51.Kb3 Kg4 52.Kc3 h4 53.Kd4 Rh5 54.c5 h3 55.c6 Rh8 56.Rxa5 h2 57.Ra1 h1=Q
58.Rxh1 Rxh1 59.Ke5 Rc1 60.Kd6 Kf5  1/2-1/2

[Event "Classics IMA"]
[Site "Gausdal NOR"]
[Date "2002.04.12"]
[Round "2"]
[White "Johansson,Th"]
[Black "Trygstad,K"]
[Result "0-1"]
[WhiteElo "2241"]
[BlackElo "2313"]

1.e4 c5 2.Nc3 Nc6 3.Bb5 Nd4 4.Ba4 e6 5.Nf3 a6 6.Nxd4 cxd4 7.Ne2 Qa5 8.Bb3 Nf6
9.O-O Nxe4 10.d3 Nc5 11.Bd2 Qc7 12.Nxd4 Bd6 13.Qh5 b5 14.Rfe1 Bb7 15.Nf5 Bf8
16.Bc3 O-O-O 17.Nd4 f6 18.a4 b4 19.Bd2 g6 20.Qh3 e5 21.Nf3 Kb8 22.Rac1 h5
23.Bxb4 g5 24.Qf5 g4 25.Nd2 Qc6 26.f3 Nxb3 27.cxb3 Qb6+ 28.Kf1 Bxb4 29.Nc4 Qe6  0-1

[Event "chJ-POL b20"]
[Site "Trzebinia POL"]
[Date "2002.04.12"]
[Round "1"]
[White "Heberla,B"]
[Black "Jakubowski,K"]
[Result "1/2-1/2"]
[WhiteElo "2426"]
[BlackElo "2464"]

1.Nc3 c5 2.e4 Nc6 3.Bb5 g6 4.Bxc6 bxc6 5.d3 Bg7 6.f4 d6 7.Nf3 f5 8.e5 Nh6
9.Qe2 O-O 10.O-O Rb8 11.Kh1 Qc7 12.b3 Nf7 13.Re1 g5 14.Bb2 g4 15.exd6 Qxd6
16.Ne5 Nxe5 17.fxe5 Qg6 18.e6 f4 19.Na4 f3 20.Qe3 Bxb2 21.Nxb2 Qf6 22.Rab1 c4
23.Nxc4 c5 24.Nd2 Bb7 25.Ne4  1/2-1/2

[Event "V Mirabel Rapid"]
[Site "Madrid ESP"]
[Date "2002.04.13"]
[Round "2"]
[White "Sanfeliu Fabregas,A"]
[Black "Franco Alonso,A"]
[Result "0-1"]
[WhiteElo "2097"]
[BlackElo "2383"]

1.e4 c5 2.Nc3 Nc6 3.Bb5 Nd4 4.Bc4 g6 5.Nge2 Bg7 6.O-O e6 7.d3 Ne7 8.Bg5 h6
9.Be3 O-O 10.Qd2 Kh7 11.f4 d5 12.f5 gxf5 13.exf5 Nexf5 14.Bxd4 cxd4 15.Ne4 dxe4
16.dxe4 Ne3  0-1

[Event "chJ-POL g20"]
[Site "Trzebinia POL"]
[Date "2002.04.14"]
[Round "4"]
[White "Kadziolka,B"]
[Black "Pokojska,D"]
[Result "1-0"]
[WhiteElo "2235"]
[BlackElo "2082"]

1.e4 c5 2.Nc3 Nc6 3.Nf3 a6 4.d4 cxd4 5.Nxd4 d6 6.Bc4 e6 7.Be3 Nf6 8.Bb3 Be7
9.Qe2 O-O 10.O-O-O Qc7 11.f3 Na5 12.Kb1 e5 13.Nf5 Bxf5 14.exf5 Nxb3 15.cxb3 Qd7
16.g4 d5 17.Bg5 h6 18.Bxf6 Bxf6 19.Nxd5 Qc6 20.Nxf6+ Qxf6 21.Rhe1 Qc6 22.Qe4 Qxe4+
23.Rxe4 f6 24.Rc4 Rf7 25.Rd5 Kh7 26.Kc2 g6 27.fxg6+ Kxg6 28.h4 h5 29.Rd6 Kg7
30.gxh5 Kh6 31.f4 Kxh5 32.fxe5 fxe5 33.Re6 Rf5 34.Re4 Rc8+ 35.Kd3 Rf3+ 36.Ke2 Rf5
37.R6xe5 Rxe5 38.Rxe5+ Kxh4 39.Kd3 Rc7 40.Rf5 Kg4 41.Rf2 Kg5 42.b4 Kg6 43.a3 Kg5
44.Kd4 Kg6 45.Kd5 Rc6 46.Ke5 Kg7 47.Rd2 Rc7 48.Kd6 Rc6+ 49.Kd7 Kf7 50.Rf2+ Kg7
51.Kd8 Kg6 52.Rd2 Kf6 53.Rd7 b5 54.Rc7 Rd6+ 55.Kc8 Rb6 56.Rc5 Ke7 57.Kc7 Rh6
58.Rc6 Rh2 59.Rxa6  1-0

[Event "Open"]
[Site "Dubai UAE"]
[Date "2002.04.15"]
[Round "1"]
[White "Shetty,R"]
[Black "Pigusov,E"]
[Result "0-1"]
[WhiteElo "2335"]
[BlackElo "2623"]

1.e4 c5 2.Nf3 Nc6 3.Nc3 g6 4.d4 cxd4 5.Nxd4 Bg7 6.Be3 Nf6 7.Bc4 O-O 8.Bb3 d6
9.f3 Nxd4 10.Bxd4 Be6 11.Qd2 Rc8 12.O-O-O Bxb3 13.cxb3 d5 14.e5 Nd7 15.Rhe1 e6
16.Kb1 a6 17.Qe2 Rc6 18.f4 b5 19.Qf3 b4 20.Ne2 a5 21.g4 Qa8 22.h4 Rfc8 23.h5 a4
24.Rh1 axb3 25.Qxb3 Qa6 26.Nc1 Qc4 27.Qd3 Nc5 28.Bxc5 Rxc5 29.Ne2 g5 30.h6 Bh8
31.Qxc4 Rxc4 32.Rh5 gxf4 33.Nd4 Kf8 34.Nf3 Ke7 35.Rhh1 f6 36.exf6+ Bxf6 37.g5 Bh8
38.Rhg1 Rc2 39.Nd4 Rf2 40.Rge1 Rc4 41.Nxe6 Rxb2+ 42.Ka1 Bc3 43.Nxf4+ Re2+
44.Kb1 Rxe1 45.Nxd5+ Kf7 46.Nxc3 Rxd1+ 47.Nxd1 Kg6 48.Kb2 Kxg5 49.Ne3 Re4
50.Nc2 Kxh6 51.Kb3 Kg5  0-1

[Event "XX Open"]
[Site "Metz FRA"]
[Date "2002.04.16"]
[Round "4"]
[White "Jaracz,P"]
[Black "Cosma,E"]
[Result "1/2-1/2"]
[WhiteElo "2513"]
[BlackElo "2354"]

1.e4 c5 2.Nf3 Nc6 3.Nc3 e5 4.Bc4 Be7 5.d3 d6 6.Nd2 Nf6 7.Nf1 Bg4 8.Qd2 Be6
9.Ne3 O-O 10.Ncd5 Ne8 11.O-O Bg5 12.f4 exf4 13.Nxf4 Nc7 14.Bd5 Bd7 15.b3 Nxd5
16.exd5 Ne7 17.c4 Ng6 18.g3 Nxf4 19.gxf4 Bf6 20.Bb2 Be8 21.Rf3 Bxb2 22.Qxb2 f5
23.Re1  1/2-1/2

[Event "chJ-POL b20"]
[Site "Trzebinia POL"]
[Date "2002.04.16"]
[Round "6"]
[White "Gajewski,G"]
[Black "Wojtaszek,R"]
[Result "1/2-1/2"]
[WhiteElo "2362"]
[BlackElo "2429"]

1.e4 c5 2.Nc3 Nc6 3.Bb5 Nd4 4.Bc4 e6 5.Nf3 Nf6 6.O-O a6 7.Re1 b5 8.Bd3 Nxf3+
9.Qxf3 Bb7 10.b3 Qc7  1/2-1/2

[Event "Golden Cleopatra"]
[Site "Cairo EGY"]
[Date "2002.04.17"]
[Round "11"]
[White "Tiviakov,S"]
[Black "Salem,Z"]
[Result "1-0"]
[WhiteElo "2614"]
[BlackElo "2252"]

1.e4 c5 2.Nc3 Nc6 3.Bb5 d6 4.Bxc6+ bxc6 5.f4 d5 6.d3 Nf6 7.Qe2 Bg4 8.Nf3 e6
9.O-O Be7 10.h3 Bxf3 11.Rxf3 O-O 12.e5 Nd7 13.Nd1 f5 14.exf6 Rxf6 15.Nf2 Bd6
16.Bd2 Qe8 17.Re1 Qf7 18.Ng4 Rg6 19.Ne5 Bxe5 20.fxe5 Qe7 21.Ref1 Rf8 22.Rxf8+ Nxf8
23.Qf3 Nd7 24.Bf4 h6 25.Kh2 Kh7 26.Rf2 Qf8 27.c3 Qd8 28.g3 Qf8 29.a3 a5 30.g4 Qe7
31.Qg3 h5 32.g5 Nxe5 33.Bxe5 Rxg5 34.Rf7 Rxg3 35.Rxe7 Rxd3 36.Rxg7+ Kh6 37.Rg3 c4
38.Bf4+ Kh7 39.Rxd3 cxd3 40.b4 axb4 41.cxb4 d4 42.Kg3 Kg6 43.a4 e5 44.Bd2 Kf5
45.a5  1-0

[Event "Open"]
[Site "Dubai UAE"]
[Date "2002.04.17"]
[Round "3"]
[White "Ghaem Maghami,E"]
[Black "Mehyo,A"]
[Result "1/2-1/2"]
[WhiteElo "2513"]
[BlackElo "2341"]

1.e4 c5 2.Nf3 Nc6 3.Nc3 g6 4.d4 cxd4 5.Nxd4 Bg7 6.Nb3 Nf6 7.Be2 O-O 8.O-O d6
9.Re1 a5 10.Bb5 Bd7 11.Bg5 Ne5 12.Bxd7 Nexd7 13.Nd4 h6 14.Be3 Ne5 15.Qe2 Rc8
16.Rad1 Rxc3 17.bxc3 Nxe4 18.Nb5 Nf6 19.c4 Qc8 20.c5 dxc5 21.Bxh6 Nc6 22.Bxg7 Kxg7
23.Qf3 Rd8 24.Qh3 Qb8 25.Qc3 b6 26.Qg3 Qc8 27.Rxd8 Qxd8 28.Qc7 Qd2 29.Rf1 Nb4
30.Qxb6 Qxc2 31.Qxa5 Ne4 32.Qc7 Nd2 33.Qe5+ Kg8 34.Ra1 Nd3 35.Qe2 Nc1 36.Qe1 Nd3
37.Qe2 Nc1 38.Qe1 Nd3  1/2-1/2

[Event "Open"]
[Site "Dubai UAE"]
[Date "2002.04.17"]
[Round "3"]
[White "Guseinov,K"]
[Black "Ozolins,A"]
[Result "1-0"]
[WhiteElo "2527"]
[BlackElo "2337"]

1.e4 c5 2.Nf3 Nc6 3.Nc3 g6 4.d4 cxd4 5.Nxd4 Bg7 6.Be3 Nf6 7.Bc4 O-O 8.Bb3 a5
9.O-O d6 10.h3 Nxd4 11.Bxd4 Bd7 12.a4 Bc6 13.f4 e5 14.fxe5 dxe5 15.Bc5 Re8
16.Qxd8 Raxd8 17.Rf2 Bxe4 18.Rxf6 Bxf6 19.Nxe4 Be7 20.Bb6 Ra8 21.Rf1 Rf8
22.Bc7  1-0

[Event "chJ-POL g20"]
[Site "Trzebinia POL"]
[Date "2002.04.19"]
[Round "10"]
[White "Kadziolka,B"]
[Black "Jurkiewicz,Ka"]
[Result "0-1"]
[WhiteElo "2235"]
[BlackElo "2175"]

1.e4 c5 2.Nf3 Nc6 3.Nc3 e5 4.Bc4 d6 5.d3 Be7 6.Nd2 Nf6 7.Nf1 Bg4 8.f3 Be6
9.Ne3 Nh5 10.O-O Bg5 11.Ned5 O-O 12.f4 Nxf4 13.Nxf4 Bxf4 14.Bxf4 exf4 15.Rxf4 Qg5
16.Rf2 Ne5 17.Bd5 Ng4 18.Rf3 Qe5 19.Rg3 Qd4+  0-1

[Event "ch-YUG w"]
[Site "Kotor YUG"]
[Date "2002.04.21"]
[Round "8"]
[White "Prudnikova,S"]
[Black "Stojanovic,A"]
[Result "1-0"]
[WhiteElo "2422"]
[BlackElo "2057"]

1.e4 c5 2.Nc3 Nc6 3.Bb5 Nd4 4.Bc4 e6 5.Nf3 a6 6.Nxd4 cxd4 7.Ne2 b5 8.Bb3 Bc5
9.c3 d3 10.Nf4 Bb7 11.Nxd3 Bb6 12.f3 Qg5 13.Qe2 Nf6 14.Nb4 Qh4+ 15.g3 Qh5
16.d4 Bc7 17.Qf2 a5 18.Nd3 Nxe4 19.fxe4 Bxe4 20.Bd1 Qg6 21.Bf3 Bxd3 22.Bxa8 Be4
23.Bf4 Bxa8 24.Rf1 Bxf4 25.Qxf4 O-O 26.O-O-O Bd5 27.b3 a4 28.Kb2 Rc8 29.Rd2 f6
30.Rc1 Qf7 31.Qd6 Ra8 32.c4 a3+ 33.Ka1 bxc4 34.bxc4 Be4 35.Rc3 e5 36.d5 Qe8
37.Rxa3 Rxa3 38.Qxa3 Qb8 39.Rb2 Qc7 40.Qb4 Kf7 41.a4 Bd3 42.c5 e4 43.Qd4 Qa5
44.Ka2 Kg6 45.d6 Qa6 46.Ka3 f5 47.Rb6 Qa5 48.c6 Qd2 49.cxd7 Qc1+ 50.Rb2  1-0

[Event "Open"]
[Site "Dubai UAE"]
[Date "2002.04.23"]
[Round "7"]
[White "Guseinov,K"]
[Black "Sherbakov,R"]
[Result "1/2-1/2"]
[WhiteElo "2527"]
[BlackElo "2539"]

1.e4 c5 2.Nf3 Nc6 3.Nc3 d6 4.d4 cxd4 5.Nxd4 Nf6 6.Bg5 e6 7.Qd2 Be7 8.O-O-O O-O
9.f4 Nxd4 10.Qxd4 Qa5 11.Bc4 b5 12.Bxb5 Rb8 13.e5 dxe5 14.fxe5 Rxb5 15.exf6 Rb4
16.Qe3 Bc5 17.Qg3 Bf2 18.Qxf2 Qxg5+ 19.Rd2 Bb7 20.Rd1 a5 21.fxg7 Rd8 22.Kb1 Rxd2
23.Qxd2 Qxd2 24.Rxd2 h5 25.g3 h4 26.Rd7 Bf3 27.Kc1 Rg4 28.Rd3 Bc6 29.Kd2 hxg3
30.hxg3 Kxg7  1/2-1/2

[Event "Open"]
[Site "Dubai UAE"]
[Date "2002.04.25"]
[Round "9"]
[White "Ghaem Maghami,E"]
[Black "Mirzoeva,E"]
[Result "1-0"]
[WhiteElo "2519"]
[BlackElo "2296"]

1.e4 c5 2.Nc3 Nc6 3.Nf3 g6 4.Bb5 Nd4 5.Bc4 Bg7 6.O-O e6 7.Nxd4 cxd4 8.Nb5 Ne7
9.Nd6+ Kf8 10.Qf3 f6 11.d3 Nc6 12.Qg3 Qe7 13.Bd2 a5 14.a3 Kg8 15.Bb3 Bf8
16.Nxc8 Rxc8 17.f4 Kg7 18.f5 Rg8 19.e5 Nxe5 20.fxe6 d6 21.Bxa5 Kh8 22.Bd2 Bg7
23.Qh4 Nc6 24.Rae1 Rge8 25.Re2 b5 26.Bd5 Ne5 27.Bb4 Rcd8 28.Qxd4 f5 29.Qf4 Ng4
30.Bc3 Qa7+ 31.Kh1 Bxc3 32.bxc3 Nf6 33.Bc6 Re7 34.Bxb5 Nd5 35.Qh4 Kg7 36.c4 Nc3
37.Bd7 Rde8 38.Ree1 h6 39.Bxe8 Rxe8 40.e7 g5 41.Qh3 Rxe7 42.Qxf5 Rf7 43.Qe6 Na4
44.Qxd6 Rd7 45.Qf6+ Kh7 46.Re6  1-0

[Event "TUR-BUL Chess Summit"]
[Site "Istanbul TUR"]
[Date "2002.04.25"]
[Round "2"]
[White "Velcheva,M"]
[Black "Haznedaroglu,K"]
[Result "1/2-1/2"]
[WhiteElo "2327"]
[BlackElo "2345"]

1.e4 c5 2.Nf3 Nc6 3.Nc3 e5 4.Bc4 d6 5.d3 Be7 6.O-O Nf6 7.Ng5 O-O 8.f4 exf4
9.Bxf4 Nd4 10.e5 dxe5 11.Bxe5 Ne6 12.Nxe6 Bxe6 13.Bxe6 fxe6 14.Qe2 Qb6 15.Kh1 Rae8
16.Ne4 Nxe4 17.Qxe4 Rxf1+ 18.Rxf1 Rf8 19.Rxf8+ Bxf8 20.h4 Qd8 21.c4 Qd7 22.Qf3 Qf7
23.Qg3 h5 24.Kg1  1/2-1/2

[Event "ch-PHI"]
[Site "Makati PHI"]
[Date "2002.04.27"]
[Round "1"]
[White "Mariano,N"]
[Black "Antonio,R"]
[Result "1/2-1/2"]
[WhiteElo "2393"]
[BlackElo "2508"]

1.e4 c5 2.Ne2 Nc6 3.Nbc3 g6 4.g3 Bg7 5.Bg2 e6 6.d3 Nge7 7.O-O d6 8.Be3 Nd4
9.Qd2 O-O 10.Rab1 Rb8 11.a3 Bd7 12.Kh1 b6 13.f4 Bc8 14.Bg1 f5 15.Rfe1  1/2-1/2